| 000 | 00600nam a2200193 i 4500 | ||
|---|---|---|---|
| 001 | 124300 | ||
| 003 | ES-MaACL | ||
| 007 | t| | ||
| 008 | 070525s1961 sp ||||1| cat d | ||
| 080 | _a915.40(0:840-992) | ||
| 100 | 1 |
_aLanza del Vasto, Joseph Jean, _d1901-1981 _970122 |
|
| 245 | 1 | 0 |
_aPelegrinatge als origens / _cLanza del Vasto ; traducció Rafael Tasis. |
| 260 |
_aBarcelona : _bArimany, _c[1961] |
||
| 300 |
_a415 p. ; _c24 cm. |
||
| 651 | 4 |
_aIndia- _xDescripción. _98839 |
|
| 700 | 1 |
_aTasis, Rafael. _9109362 |
|
| 852 |
_aES-MaACL _jE-2469 _bR.47939 |
||
| 999 |
_c124300 _d124300 |
||